000 00968nam a2200265Ia 4500
003 OSt
005 20220923225205.0
006 a|||||r|||| 00| 0
007 ta
008 220922b |||||||| |||| 00| 0 hin d
024 _a259,586
037 _cTextual
040 _aARTS
_cARTS
_bhin
041 _2hin
_ahin
082 _aV1TH.N9, 152N1
100 _aराजन, एम0 एस0
245 0 _aगुट निरपेक्षता आंदोलन एवं संभावनाएॅं
246 _aGuṭ nirapekṣhatā āandolan evan sanbhāvanāeॅan
260 _aदिल्ली
_b हिन्दी माध्यम कार्यान्वय निदेशालय
_c1991
300 _a275पृ.
_ccm.
650 _a विश्व-इतिहास
650 _aविश्व-इतिहास
942 _hV1TH.N9, 152N1
_cTEXL
_2CC
999 _c376625
_d376625